Personnages Star Wars 2 - L'Attaque Des Clones - Statistiques

Statistiques générales
  • Ce quiz a été pris 356 fois
  • Le résultat moyen est 19 sur 30
Statistiques - réponses
Par images Réponse % Correct
Anakin Skywalker
100%
Obi-Wan Kenobi
99%
Padme Amidala
99%
Yoda
99%
C3PO
98%
Palpatine / Sidious
98%
R2D2
98%
Boba Fett
95%
JarJar Binks
94%
Jango Fett
93%
Mace Windu
93%
Dooku / Tyranus
88%
Taun We
77%
Shmi Skywalker
72%
Bail Organa
70%
Owen Lars
69%
Ki-Adi-Mundi
65%
Kit Fisto
65%
Watto
62%
Beru
55%
Zam Wesell
38%
Jocasta Nu
36%
Lama Su
31%
Dexter
28%
Cliegg Lars
21%
Cordé
21%
Typho
19%
Sio Bibble
18%
Dormé
16%
Jamillia
13%
Aucun quiz correspondant
Distribution des résultats
% des personnes avec chaque résultat
Percentile par nombre de réponses
Votre historique - résultats
Vous n’avez pas pris ce quiz